000
00340 a2200169 4500
001
165335
020
_a
85-85672-31-5
040
_c
Magnum
100
_a
Queiros, Bartolomeu Campos
240
1
0
_a
Indez
_l
por
245
1
0
_a
Indez
300
_a
98
362
0
_a
1999
440
1
_a
Miguilim
697
_a
LITERATURA JUVENIL
942
_c
BK
999
_c
165335
_d
165335